[Event "Merv Morrison Memorial Open"]
[Site "Auckland"]
[Date "2012.10.19"]
[Round "1.1"]
[White "Molina,  Barrera, Gustavo"]
[Black "Hague,, Ben"]
[Result "0-1"]
[LiveChessVersion "1.3.1"]
[BlackElo "2436"]
[WhiteElo "2049"]

1. e4 {[%clk 1:31:36]} e5 {[%clk 1:31:55]} 2. Nf3 {[%clk 1:32:10]} Nf6
{[%clk 1:32:50]} 3. Nc3 {[%clk 1:27:09]} Nc6 {[%clk 1:33:44]} 4. d4
{[%clk 1:21:12]} exd4 {[%clk 1:34:33]} 5. Nd5 {[%clk 1:21:00]} Be7
{[%clk 1:32:23]} 6. Bc4 {[%clk 0:49:18]} O-O {[%clk 1:31:25]} 7. e5
{[%clk 0:46:10]} Nxd5 {[%clk 1:30:17]} 8. Bxd5 {[%clk 0:45:33]} d6
{[%clk 1:28:44]} 9. Bxc6 {[%clk 0:10:12]} bxc6 {[%clk 1:29:25]} 10. Qxd4
{[%clk 0:10:39]} Ba6 {[%clk 1:26:40]} 11. Be3 {[%clk 0:08:46]} c5
{[%clk 1:25:16]} 12. Qc3 {[%clk 0:08:29]} dxe5 {[%clk 1:24:25]} 13. Rd1
{[%clk 0:07:00]} Qe8 {[%clk 1:24:05]} 14. b3 {[%clk 0:05:28]} Qb5
{[%clk 1:22:06]} 15. Rd2 {[%clk 0:06:00]} e4 {[%clk 1:21:19]} 16. a4
{[%clk 0:03:28]} Qc6 {[%clk 1:19:58]} 17. Nd4 {[%clk 0:02:17]} Qg6
{[%clk 1:17:03]} 18. Ne2 {[%clk 0:02:06]} Bxe2 {[%clk 1:16:19]} 19. Kxe2
{[%clk 0:02:03]} Qxg2 {[%clk 1:17:07]} 20. Qa1 {[%clk 0:01:12]} Qf3+
{[%clk 1:18:00]} 0-1

[Event "Merv Morrison Memorial Open"]
[Site "Auckland"]
[Date "2012.10.19"]
[Round "1.2"]
[White "Pinic,, Noel"]
[Black "Jashari,, Xhuedet"]
[Result "1-0"]
[LiveChessVersion "1.3.1"]
[BlackElo "1945"]
[WhiteElo "2251"]

1. Nf3 {[%clk 1:31:48]} d5 {[%clk 1:31:11]} 2. d4 {[%clk 1:32:37]} e6
{[%clk 1:30:15]} 3. c4 {[%clk 1:32:42]} Nf6 {[%clk 1:30:44]} 4. Bg5
{[%clk 1:33:16]} Bb4+ {[%clk 1:30:46]} 5. Nc3 {[%clk 1:33:59]} c5
{[%clk 1:31:15]} 6. Bxf6 {[%clk 1:34:39]} Qxf6 {[%clk 1:31:27]} 7. e3
{[%clk 1:35:12]} dxc4 {[%clk 1:30:37]} 8. Bxc4 {[%clk 1:35:55]} O-O
{[%clk 1:31:21]} 9. O-O {[%clk 1:36:46]} a6 {[%clk 1:32:03]} 10. Ne4
{[%clk 1:37:35]} Qe7 {[%clk 1:30:14]} 11. a3 {[%clk 1:38:22]} f5 {[%clk 1:31:03]}
12. Neg5 {[%clk 1:36:41]} Ba5 {[%clk 1:31:17]} 13. dxc5 {[%clk 1:37:13]} h6
{[%clk 1:31:55]} 14. Nh3 {[%clk 1:37:00]} Qxc5 {[%clk 1:30:53]} 15. Rc1
{[%clk 1:37:07]} Qe7 {[%clk 1:29:02]} 16. Nf4 {[%clk 1:37:38]} Kh7
{[%clk 1:27:54]} 17. h4 {[%clk 1:37:15]} Rf6 {[%clk 1:16:54]} 18. h5
{[%clk 1:37:29]} Nc6 {[%clk 1:17:02]} 19. Ng6 {[%clk 1:36:46]} Rxg6
{[%clk 1:15:59]} 20. hxg6+ {[%clk 1:37:22]} Kxg6 {[%clk 1:16:42]} 21. Qe2
{[%clk 1:36:18]} Bc7 {[%clk 1:16:56]} 22. e4 {[%clk 1:36:54]} e5 {[%clk 1:15:01]}
23. Rfd1 {[%clk 1:36:59]} fxe4 {[%clk 1:09:54]} 24. Qxe4+ {[%clk 1:37:46]} Kh5
{[%clk 1:06:20]} 25. Bd3 {[%clk 1:35:24]} Qf6 {[%clk 1:06:11]} 26. Rc4
{[%clk 1:35:00]} Nd4 {[%clk 0:56:08]} 27. Nxd4 {[%clk 1:33:29]} exd4
{[%clk 0:55:14]} 28. Rc5+ {[%clk 1:34:09]} 1-0

[Event "Merv Morrison Memorial Open"]
[Site "Auckland"]
[Date "2012.10.19"]
[Round "1.3"]
[White "Power,, P Wayne"]
[Black "Thornton,, Gino A"]
[Result "0-1"]
[LiveChessVersion "1.3.1"]
[BlackElo "2211"]
[WhiteElo "1945"]

1. d4 {[%clk 1:31:56]} Nf6 {[%clk 1:31:56]} 2. c4 {[%clk 1:32:45]} e6
{[%clk 1:32:52]} 3. Nc3 {[%clk 1:33:30]} Bb4 {[%clk 1:33:50]} 4. e3
{[%clk 1:33:58]} Ne4 {[%clk 1:34:45]} 5. Qc2 {[%clk 1:34:13]} f5 {[%clk 1:35:30]}
6. Bd3 {[%clk 1:34:35]} O-O {[%clk 1:36:21]} 7. a3 {[%clk 1:33:14]} Bxc3+
{[%clk 1:35:36]} 8. bxc3 {[%clk 1:34:02]} b6 {[%clk 1:35:42]} 9. Bxe4
{[%clk 1:32:58]} fxe4 {[%clk 1:36:41]} 10. Qxe4 {[%clk 1:33:18]} d5
{[%clk 1:37:38]} 11. Qc2 {[%clk 1:23:38]} Ba6 {[%clk 1:30:15]} 12. cxd5
{[%clk 1:21:50]} exd5 {[%clk 1:30:57]} 13. Nf3 {[%clk 1:19:46]} Nd7
{[%clk 1:27:48]} 14. a4 {[%clk 1:16:59]} Qe8 {[%clk 1:22:27]} 15. Ng5
{[%clk 1:09:29]} Nf6 {[%clk 1:13:17]} 16. Ba3 {[%clk 1:09:16]} Qh5
{[%clk 1:14:15]} 17. Bxf8 {[%clk 1:00:45]} Qxg5 {[%clk 1:14:01]} 18. Be7
{[%clk 0:56:01]} Qxg2 {[%clk 1:14:03]} 19. O-O-O {[%clk 0:56:40]} Ne4
{[%clk 1:14:31]} 20. Bh4 {[%clk 0:55:59]} Qf3 {[%clk 1:12:52]} 21. Rhg1
{[%clk 0:42:33]} Rc8 {[%clk 1:10:44]} 22. Kb1 {[%clk 0:34:39]} c5
{[%clk 1:10:37]} 23. dxc5 {[%clk 0:29:33]} Rxc5 {[%clk 1:09:23]} 24. Rd4
{[%clk 0:29:17]} Nxc3+ {[%clk 1:06:46]} 25. Ka1 {[%clk 0:30:02]} Ne2
{[%clk 1:06:50]} 0-1

[Event "Merv Morrison Memorial Open"]
[Site "Auckland"]
[Date "2012.10.19"]
[Round "1.4"]
[White "Gao,, Hans"]
[Black "Taylor,, Richard"]
[Result "1-0"]
[LiveChessVersion "1.3.1"]
[BlackElo "1941"]
[WhiteElo "2189"]

1. e4 {[%clk 1:31:59]} c5 {[%clk 1:31:50]} 2. Nc3 {[%clk 1:32:56]} Nc6
{[%clk 1:32:42]} 3. Bb5 {[%clk 1:33:54]} e6 {[%clk 1:32:07]} 4. Bxc6
{[%clk 1:34:40]} bxc6 {[%clk 1:32:57]} 5. f4 {[%clk 1:35:25]} d5 {[%clk 1:33:29]}
6. d3 {[%clk 1:35:10]} Nf6 {[%clk 1:33:36]} 7. Nf3 {[%clk 1:35:38]} Be7
{[%clk 1:34:08]} 8. O-O {[%clk 1:36:13]} O-O {[%clk 1:34:40]} 9. Qe1
{[%clk 1:36:12]} c4 {[%clk 1:30:19]} 10. e5 {[%clk 1:31:35]} Ng4 {[%clk 1:25:46]}
11. d4 {[%clk 1:19:17]} c5 {[%clk 1:22:28]} 12. Ne2 {[%clk 1:17:27]} cxd4
{[%clk 1:21:53]} 13. Nexd4 {[%clk 1:18:12]} Qb6 {[%clk 1:08:09]} 14. Kh1
{[%clk 1:17:10]} c3 {[%clk 1:03:17]} 15. bxc3 {[%clk 1:13:10]} Ba6
{[%clk 1:03:59]} 16. Rg1 {[%clk 1:13:45]} Rac8 {[%clk 0:59:38]} 17. f5
{[%clk 1:03:43]} exf5 {[%clk 0:52:02]} 18. h3 {[%clk 1:03:33]} Nh6
{[%clk 0:51:37]} 19. Bxh6 {[%clk 0:51:05]} Qxh6 {[%clk 0:49:26]} 20. Nxf5
{[%clk 0:51:53]} Qe6 {[%clk 0:50:12]} 21. N3d4 {[%clk 0:52:02]} Qd7
{[%clk 0:51:02]} 22. Qg3 {[%clk 0:48:27]} g6 {[%clk 0:51:30]} 23. Nxe7+
{[%clk 0:43:46]} Qxe7 {[%clk 0:52:02]} 24. Nf5 {[%clk 0:44:31]} Qd7
{[%clk 0:51:42]} 25. Nh6+ {[%clk 0:44:06]} Kh8 {[%clk 0:48:30]} 26. Ng4
{[%clk 0:39:26]} Qf5 {[%clk 0:45:52]} 27. Nf6 {[%clk 0:37:21]} Rfd8
{[%clk 0:41:42]} 28. Qe3 {[%clk 0:36:25]} Kg7 {[%clk 0:29:08]} 29. Ng4
{[%clk 0:35:22]} g5 {[%clk 0:28:42]} 30. Qxa7 {[%clk 0:32:44]} Rc6
{[%clk 0:27:37]} 31. Rge1 {[%clk 0:29:58]} h5 {[%clk 0:23:35]} 32. Nf6
{[%clk 0:30:04]} g4 {[%clk 0:20:38]} 33. h4 {[%clk 0:30:22]} g3 {[%clk 0:21:12]}
34. Qe3 {[%clk 0:30:25]} Qg6 {[%clk 0:20:51]} 35. Qxg3 {[%clk 0:30:18]} Qxg3
{[%clk 0:21:36]} 36. Nxh5+ {[%clk 0:31:17]} Kg6 {[%clk 0:22:27]} 37. Nxg3
{[%clk 0:32:15]} Rxc3 {[%clk 0:23:18]} 38. Ne2 {[%clk 0:30:24]} Rxc2
{[%clk 0:23:31]} 39. Nd4 {[%clk 0:30:57]} Rd2 {[%clk 0:23:40]} 40. Nf3
{[%clk 0:31:16]} Rb2 {[%clk 0:24:14]} 41. e6 {[%clk 0:31:14]} f6 {[%clk 0:24:35]}
42. a4 {[%clk 0:29:26]} Re8 {[%clk 0:19:36]} 43. Nd4 {[%clk 0:28:19]} Rb4
{[%clk 0:18:26]} 44. Red1 {[%clk 0:27:37]} Rh8 {[%clk 0:18:27]} 45. g3
{[%clk 0:27:59]} Rb2 {[%clk 0:16:36]} 46. Rab1 {[%clk 0:28:15]} Ra2
{[%clk 0:17:15]} 47. Ra1 {[%clk 0:27:49]} Rb2 {[%clk 0:18:05]} 48. a5
{[%clk 0:28:40]} Kh5 {[%clk 0:18:40]} 49. Rdb1 {[%clk 0:21:22]} Rd2
{[%clk 0:19:04]} 50. Rd1 {[%clk 0:21:36]} Rb2 {[%clk 0:19:18]} 51. Ra3
{[%clk 0:18:14]} Kg4 {[%clk 0:19:12]} 52. Rg1 {[%clk 0:18:10]} Rd2
{[%clk 0:18:57]} 53. Nf3 {[%clk 0:18:12]} Bd3 {[%clk 0:18:08]} 54. Nxd2
{[%clk 0:18:34]} 1-0

[Event "Merv Morrison Memorial Open"]
[Site "Auckland"]
[Date "2012.10.19"]
[Round "1.5"]
[White "Li,, William (Xiang Wei)"]
[Black "Koop, Thorben"]
[Result "0-1"]
[LiveChessVersion "1.3.1"]
[BlackElo "2165"]
[WhiteElo "1901"]

1. e4 {[%clk 1:31:57]} c5 {[%clk 1:31:47]} 2. Nf3 {[%clk 1:32:52]} Nc6
{[%clk 1:32:36]} 3. d4 {[%clk 1:33:45]} cxd4 {[%clk 1:33:31]} 4. Nxd4
{[%clk 1:34:41]} e5 {[%clk 1:34:22]} 5. Nb5 {[%clk 1:35:29]} d6 {[%clk 1:35:11]}
6. c4 {[%clk 1:36:24]} Be7 {[%clk 1:35:29]} 7. N1c3 {[%clk 1:37:16]} a6
{[%clk 1:35:45]} 8. Na3 {[%clk 1:38:14]} f5 {[%clk 1:36:20]} 9. f3
{[%clk 1:37:14]} f4 {[%clk 1:33:30]} 10. g3 {[%clk 1:35:15]} Nf6 {[%clk 1:24:31]}
11. Nd5 {[%clk 1:27:24]} O-O {[%clk 1:20:32]} 12. Bg2 {[%clk 1:24:39]} Nh5
{[%clk 1:18:23]} 13. Kf2 {[%clk 1:21:52]} Bg5 {[%clk 1:13:23]} 14. Nc2
{[%clk 1:18:56]} Be6 {[%clk 1:10:15]} 15. Rf1 {[%clk 1:16:50]} fxg3+
{[%clk 1:02:02]} 16. hxg3 {[%clk 1:17:25]} Bxc1 {[%clk 1:01:11]} 17. Qxc1
{[%clk 1:18:03]} Rc8 {[%clk 0:56:22]} 18. Rh1 {[%clk 1:16:38]} Nf6
{[%clk 0:54:19]} 19. Qe3 {[%clk 1:11:30]} Ng4+ {[%clk 0:54:05]} 0-1

[Event "Merv Morrison Memorial Open"]
[Site "Auckland"]
[Date "2012.10.20"]
[Round "2.1"]
[White "Hague"]
[Black "Dordevic"]
[Result "1-0"]
[WhiteElo "2436"]
[BlackElo "2149"]
[PlyCount "83"]
[EventDate "2012.??.??"]

1. d4 c5 2. d5 Nf6 3. Nc3 g6 4. e4 d6 5. Nf3 Bg7 6. Bb5+ Bd7 7. a4 O-O 8. O-O
Na6 9. Re1 Nc7 10. Bxd7 Nxd7 11. Bf4 a6 12. a5 b5 13. axb6 Nxb6 14. Qe2 Qd7 15.
Ra2 Nb5 16. Nd1 a5 17. h4 Nd4 18. Nxd4 cxd4 19. h5 Rfc8 20. hxg6 hxg6 21. Ra3
Rc5 22. Rh3 Rac8 23. Qf3 f6 24. c3 dxc3 25. bxc3 Nc4 26. Qg3 Kf7 27. Rh7 Rh8
28. Rxh8 Bxh8 29. Qh4 Bg7 30. Ne3 Nxe3 31. Rxe3 Qc8 32. Rg3 Rxc3 33. Be3 g5 34.
Qh5+ Kf8 35. Rg4 Qe8 36. Qh7 Kf7 37. Rg3 Qh8 38. Qf5 Qc8 39. Qf3 a4 40. Rxg5 a3
41. Qh5+ Kg8 42. Rxg7+ 1-0

[Event "Merv Morrison Memorial Open"]
[Site "Auckland"]
[Date "2012.10.20"]
[Round "2.2"]
[White "Goodhue"]
[Black "Pinic"]
[Result "1/2-1/2"]
[WhiteElo "2118"]
[BlackElo "2251"]
[PlyCount "43"]
[EventDate "2012.??.??"]

1. b3 e5 2. Bb2 Nc6 3. g3 Bc5 4. Bg2 Nf6 5. e3 O-O 6. Ne2 d6 7. h3 Re8 8. O-O
Bf5 9. d4 exd4 10. Nxd4 Nxd4 11. exd4 Bb6 12. Nc3 c6 13. d5 Nxd5 14. Nxd5 cxd5
15. Qxd5 Bxc2 16. Rfe1 Bc5 17. b4 Bb6 18. Qxb7 Qg5 19. Qc6 Bxf2+ 20. Kxf2 Qd2+
21. Kf3 Qd3+ 22. Kf2 1/2-1/2

[Event "Merv Morrison Memorial Open"]
[Site "Auckland"]
[Date "2012.10.20"]
[Round "2.3"]
[White "Thornton"]
[Black "Bennett"]
[Result "1-0"]
[WhiteElo "2211"]
[BlackElo "2117"]
[PlyCount "87"]
[EventDate "2012.??.??"]

1. d4 Nf6 2. c4 d6 3. Nf3 g6 4. g3 Bg7 5. Bg2 O-O 6. O-O Nbd7 7. Nc3 e5 8. h3
a6 9. Be3 Re8 10. b4 Rb8 11. Qb3 exd4 12. Nxd4 c5 13. Nc2 b5 14. cxb5 axb5 15.
Rad1 Qe7 16. bxc5 dxc5 17. Nxb5 Ba6 18. a4 c4 19. Qxc4 Rec8 20. Qb4 Qxb4 21.
Nxb4 Bxb5 22. axb5 Rxb5 23. Nc6 Re8 24. Rb1 Rxb1 25. Rxb1 Ne4 26. Bxe4 Rxe4 27.
Rb7 Nf6 28. Ne7+ Kf8 29. Bc5 Ke8 30. Nc8 Bf8 31. Bxf8 Kxf8 32. e3 Nd5 33. Rxf7+
Kxf7 34. Nd6+ Ke6 35. Nxe4 Ke5 36. Ng5 Nf6 37. Kg2 Kd5 38. h4 h6 39. Nh3 Ke4
40. g4 h5 41. g5 Nd7 42. Nf4 Ne5 43. Kg3 Kf5 44. f3 1-0

[Event "Merv Morrison Memorial Open"]
[Site "Auckland"]
[Date "2012.10.20"]
[Round "2.4"]
[White "Yang"]
[Black "Gao"]
[Result "1/2-1/2"]
[WhiteElo "2103"]
[BlackElo "2189"]
[PlyCount "32"]
[EventDate "2012.??.??"]

1. d4 Nf6 2. Nf3 g6 3. g3 Bg7 4. c4 d6 5. Bg2 O-O 6. Nc3 Nc6 7. O-O a6 8. a3
Rb8 9. b4 e6 10. e4 Re8 11. Bb2 e5 12. d5 Nd4 13. Nxd4 exd4 14. Ne2 Nxe4 15.
Nxd4 Bd7 16. Re1 Nf6 1/2-1/2

[Event "Merv Morrison Memorial Open"]
[Site "Auckland"]
[Date "2012.10.20"]
[Round "2.5"]
[White "Koop, Thorben"]
[Black "Kolev"]
[Result "1-0"]
[WhiteElo "2165"]
[BlackElo "1733"]
[PlyCount "41"]
[EventDate "2012.??.??"]

1. e4 Nf6 2. d3 d6 3. c3 g6 4. Be2 Bg7 5. Bg5 Nc6 6. Nf3 O-O 7. Qd2 a6 8. h4 h5
9. Na3 Rb8 10. Nc2 Ne5 11. Nxe5 dxe5 12. O-O-O Be6 13. Kb1 c5 14. Bxf6 exf6 15.
g4 hxg4 16. h5 gxh5 17. Rxh5 Qd7 18. Rdh1 f5 19. Qg5 f6 20. Qg6 Bxa2+ 21. Ka1
1-0

[Event "Merv Morrison Memorial Open"]
[Site "Auckland"]
[Date "2012.10.20"]
[Round "3.1"]
[White "Thornton"]
[Black "Hague"]
[Result "0-1"]
[WhiteElo "2211"]
[BlackElo "2436"]
[PlyCount "96"]
[EventDate "2012.??.??"]

1. d4 d5 2. c4 e6 3. Nc3 c5 4. Nf3 Nc6 5. cxd5 exd5 6. g3 Nf6 7. Bg2 Be7 8. O-O
O-O 9. Bg5 c4 10. a3 h6 11. Bxf6 Bxf6 12. Ne5 Be6 13. Nxc6 bxc6 14. e4 dxe4 15.
Bxe4 Bxd4 16. Bxc6 Rb8 17. Rb1 Bf5 18. Be4 Bxe4 19. Nxe4 Rxb2 20. Rc1 Re8 21.
Qg4 Qd5 22. Nc3 Qe5 23. Nd1 h5 24. Qd7 Rb3 25. Rxc4 Bb6 26. Rc8 Kf8 27. Rxe8+
Qxe8 28. Qd5 Rxa3 29. Qxh5 Kg8 30. Qg4 Rd3 31. Nb2 Rd2 32. Nd1 a5 33. h4 a4 34.
Qb4 Qe2 35. Qxb6 Rxd1 36. Rxd1 Qxd1+ 37. Kh2 Qf3 38. Qb8+ Kh7 39. Qb1+ g6 40.
Kg1 a3 41. h5 Qd5 42. hxg6+ fxg6 43. Qe1 a2 44. Qe7+ Kg8 45. Qe8+ Kg7 46. Qe7+
Qf7 47. Qe5+ Qf6 48. Qc7+ Kh6 0-1

[Event "Merv Morrison Memorial Open"]
[Site "Auckland"]
[Date "2012.10.20"]
[Round "3.2"]
[White "Pinic"]
[Black "Koop, Thorben"]
[Result "1/2-1/2"]
[WhiteElo "2251"]
[BlackElo "2165"]
[PlyCount "58"]
[EventDate "2012.??.??"]

1. Nf3 Nf6 2. d4 g6 3. Nc3 Bg7 4. e4 O-O 5. Bf4 c6 6. Qd2 d5 7. exd5 cxd5 8.
Bh6 Nc6 9. Bxg7 Kxg7 10. O-O-O Bg4 11. Be2 Rc8 12. Ne5 Bf5 13. f3 Nb4 14. a3
Qa5 15. axb4 Qa1+ 16. Nb1 Rxc2+ 17. Qxc2 Bxc2 18. Kxc2 Qa4+ 19. Kc1 Rc8+ 20.
Nc3 Qxb4 21. Rd3 Nh5 22. g3 f6 23. Ng4 e6 24. Ne3 Qa5 25. Kb1 f5 26. Nc2 Nf6
27. Re3 Kf7 28. Re1 a6 29. Bf1 Rc6 1/2-1/2

[Event "Merv Morrison Memorial Open"]
[Site "Auckland"]
[Date "2012.10.20"]
[Round "3.3"]
[White "Gao"]
[Black "Gibbons"]
[Result "1-0"]
[WhiteElo "2189"]
[BlackElo "2086"]
[PlyCount "95"]
[EventDate "2012.??.??"]

1. e4 e5 2. Bc4 Bc5 3. Nf3 d6 4. c3 Be6 5. Bxe6 fxe6 6. Qb3 Qc8 7. d4 exd4 8.
cxd4 Bb6 9. Ng5 Ke7 10. d5 e5 11. Qf3 Nf6 12. Ne6 Qg8 13. Nc3 h6 14. a4 c5 15.
a5 Bd8 16. O-O a6 17. Be3 Nbd7 18. Qg3 g5 19. Rfb1 b5 20. axb6 Bxb6 21. b4 cxb4
22. Rxb4 Bxe3 23. Qxe3 Nf8 24. Rb7+ N6d7 25. Nc7 Rb8 26. Rxb8 Nxb8 27. Nxa6
Nfd7 28. Nb4 Qc8 29. Ra8 Rf8 30. Nc6+ Kf6 31. Qc1 Qb7 32. Qa3 Nc5 33. h3 Nbd7
34. Ra7 Qc8 35. Nb5 Qe8 36. Nxd6 Qh5 37. Qf3+ Qxf3 38. gxf3 h5 39. Nf5 g4 40.
fxg4 hxg4 41. hxg4 Kg5 42. f3 Kf4 43. Kg2 Rg8 44. Nce7 Rg5 45. Ng3 Nf6 46. Ra3
Rg7 47. d6 Nfxe4 48. Nh5+ 1-0

[Event "Merv Morrison Memorial Open"]
[Site "Auckland"]
[Date "2012.10.20"]
[Round "3.4"]
[White "Lim"]
[Black "Goodhue"]
[Result "0-1"]
[WhiteElo "2056"]
[BlackElo "2118"]
[PlyCount "90"]
[EventDate "2012.??.??"]

1. d4 d5 2. c4 c6 3. Nf3 e6 4. e3 Bd6 5. Nc3 f5 6. Bd3 Nf6 7. Qc2 Ne4 8. O-O
Nd7 9. Ne1 Qh4 10. g3 Qh5 11. Qe2 Qg6 12. Ng2 O-O 13. Nf4 Qf7 14. Ng2 b6 15. f3
Nxc3 16. bxc3 Bb7 17. a4 Qe7 18. Bd2 e5 19. cxd5 cxd5 20. a5 e4 21. fxe4 fxe4
22. Rxf8+ Rxf8 23. Bc2 Nf6 24. axb6 axb6 25. Bb3 Bc8 26. Qb5 Be6 27. Nf4 Bxf4
28. exf4 Rd8 29. Qxb6 e3 30. Ra7 Rd7 31. Ra8+ Kf7 32. Be1 Rb7 33. Qa6 Rxb3 34.
Ra7 Bd7 35. Qd3 Qe4 36. Qxe4 dxe4 37. c4 Kg6 38. Ra1 Bh3 39. c5 Rd3 40. Rc1 Kf5
41. c6 Kg4 42. c7 Kf3 43. Ba5 e2 44. Re1 Rd1 45. g4 Bxg4 0-1

[Event "Merv Morrison Memorial Open"]
[Site "Auckland"]
[Date "2012.10.21"]
[Round "4.1"]
[White "Hague"]
[Black "Gao"]
[Result "1/2-1/2"]
[WhiteElo "2436"]
[BlackElo "2189"]
[PlyCount "108"]
[EventDate "2012.??.??"]

1. d4 Nf6 2. Nf3 g6 3. c4 Bg7 4. g3 O-O 5. Bg2 d6 6. O-O Nc6 7. Nc3 a6 8. h3
Rb8 9. e4 b5 10. cxb5 axb5 11. Re1 e6 12. Qc2 b4 13. Ne2 Na5 14. Bg5 h6 15. Bd2
c5 16. dxc5 dxc5 17. Bf4 Rb7 18. Rad1 Rd7 19. Rxd7 Nxd7 20. Bd6 Re8 21. Bxc5
Nxc5 22. Qxc5 Bxb2 23. Qxb4 Bg7 24. Nfd4 e5 25. Nb5 Nc6 26. Qc5 Qd2 27. Qc3 Qd7
28. Qb2 Ba6 29. Nec3 Rb8 30. a4 Nd4 31. Rb1 Bf8 32. Bf1 Bc5 33. Kg2 Kg7 34. Bc4
Bc8 35. g4 f5 36. f3 h5 37. exf5 gxf5 38. gxh5 f4 39. Kf1 Qxh3+ 40. Qg2+ Kh6
41. Bd5 Kxh5 42. Ne4 Qxf3+ 43. Qxf3+ Nxf3 44. Ke2 Nd4+ 45. Kd3 Bf5 46. Rh1+ Kg6
47. Kc4 Be7 48. Rg1+ Kh6 49. Nxd4 Rb4+ 50. Kc3 Rxd4 51. Rh1+ Kg6 52. Rg1+ Kh6
53. Rh1+ Kg7 54. Rg1+ Kh6 1/2-1/2

[Event "Merv Morrison Memorial Open"]
[Site "Auckland"]
[Date "2012.10.21"]
[Round "4.2"]
[White "Koop, Thorben"]
[Black "Yang"]
[Result "1/2-1/2"]
[WhiteElo "2165"]
[BlackElo "2103"]
[PlyCount "45"]
[EventDate "2012.??.??"]

1. e4 Nf6 2. e5 Nd5 3. b3 d6 4. exd6 exd6 5. Bb2 Be6 6. d4 c6 7. c4 Nf6 8. Nc3
d5 9. c5 g6 10. Bd3 Bg7 11. Nf3 Nbd7 12. O-O O-O 13. Ng5 Nh5 14. Nxe6 fxe6 15.
Be2 Nf4 16. Bg4 h5 17. Bf3 e5 18. g3 exd4 19. Na4 Nh3+ 20. Kg2 Ng5 21. Be2 Qe8
22. h4 Ne4 23. Rc1 1/2-1/2

[Event "Merv Morrison Memorial Open"]
[Site "Auckland"]
[Date "2012.10.21"]
[Round "4.3"]
[White "Goodhue"]
[Black "Thornton"]
[Result "1/2-1/2"]
[WhiteElo "2118"]
[BlackElo "2211"]
[PlyCount "55"]
[EventDate "2012.??.??"]

1. e4 e6 2. d4 d5 3. exd5 exd5 4. Bd3 Bd6 5. Ne2 Nf6 6. O-O O-O 7. Bf4 Be6 8.
Bxd6 Qxd6 9. Qd2 Nbd7 10. c3 Rab8 11. Nf4 Rfe8 12. Na3 c6 13. Nc2 Nf8 14. Nxe6
Nxe6 15. Ne1 b5 16. a3 h6 17. Nf3 a5 18. Qc2 c5 19. Bf5 Nf4 20. dxc5 Qxc5 21.
Nd4 b4 22. axb4 axb4 23. Qd2 g5 24. Rfe1 bxc3 25. Rxe8+ Rxe8 26. bxc3 Qc4 27.
Re1 Ra8 28. g3 1/2-1/2

[Event "Merv Morrison Memorial Open"]
[Site "Auckland"]
[Date "2012.10.21"]
[Round "4.4"]
[White "Kolev"]
[Black "Pinic"]
[Result "1/2-1/2"]
[WhiteElo "1733"]
[BlackElo "2251"]
[PlyCount "57"]
[EventDate "2012.??.??"]

1. d4 Nf6 2. c4 e5 3. dxe5 Ng4 4. Nf3 Bc5 5. e3 Nc6 6. Bd2 Ngxe5 7. Bc3 Qe7 8.
Nxe5 Nxe5 9. Qd5 d6 10. b4 c6 11. Qe4 f5 12. Qc2 Bb6 13. Be2 O-O 14. O-O Be6
15. c5 Bc7 16. Bxe5 dxe5 17. f4 Bd5 18. Nc3 exf4 19. exf4 Qe3+ 20. Kh1 Bxf4 21.
Nxd5 cxd5 22. Rf3 Qe5 23. Raf1 Bg5 24. Rxf5 Rxf5 25. Rxf5 Qa1+ 26. Rf1 Qe5 27.
Rf5 Qe3 28. Rxd5 Re8 29. Bf1 1/2-1/2

[Event "Merv Morrison Memorial Open"]
[Site "Auckland"]
[Date "2012.10.21"]
[Round "4.5"]
[White "Li"]
[Black "Bennett"]
[Result "1/2-1/2"]
[WhiteElo "1901"]
[BlackElo "2117"]
[PlyCount "109"]
[EventDate "2012.??.??"]

1. e4 g6 2. d4 Bg7 3. Nc3 d6 4. Be3 a6 5. Qd2 b5 6. h4 h5 7. f3 Nd7 8. O-O-O
Bb7 9. Nh3 Rc8 10. Ng5 c5 11. f4 Qc7 12. d5 b4 13. Nb1 Nb6 14. b3 Nh6 15. Be2
Qd7 16. Rdf1 Ng4 17. Bxg4 hxg4 18. f5 gxf5 19. Rxf5 Bf6 20. Qe2 Nxd5 21. Rxd5
Bxd5 22. exd5 c4 23. Ne4 Be5 24. Bg5 cxb3 25. axb3 a5 26. Rf1 f5 27. Ned2 O-O
28. Nc4 Qc7 29. Nbd2 Rf7 30. Qd3 Rcf8 31. Bh6 Bg7 32. Bxg7 Kxg7 33. Qd4+ Kg8
34. Qf4 Qc5 35. Ne3 Qc3 36. Qg5+ Rg7 37. Qh6 Qa1+ 38. Nb1 Qe5 39. Qf4 Qf6 40.
Nxf5 Kh7 41. Qe4 Qg6 42. h5 Qg5+ 43. Nd2 Kh8 44. Kd1 Rgf7 45. Ng3 Rxf1+ 46.
Ndxf1 Rf4 47. Qd3 Qf6 48. Ke1 Qe5+ 49. Qe3 Qa1+ 50. Ke2 Qf6 51. Nd2 Qf7 52. Nc4
a4 53. Nxd6 exd6 54. bxa4 Rc4 55. Qh6+ 1/2-1/2

[Event "Merv Morrison Memorial Open"]
[Site "Auckland"]
[Date "2012.10.21"]
[Round "5.1"]
[White "Yang"]
[Black "Hague"]
[Result "1/2-1/2"]
[WhiteElo "2103"]
[BlackElo "2436"]
[PlyCount "57"]
[EventDate "2012.??.??"]

1. d4 d5 2. c4 e6 3. Nc3 c5 4. cxd5 exd5 5. Nf3 Nc6 6. g3 Nf6 7. Bg2 Be7 8. O-O
O-O 9. dxc5 Bxc5 10. Bf4 a6 11. e3 h6 12. h4 Be6 13. Ne5 Ne7 14. Rc1 Rc8 15.
Qe2 Qa5 16. Nd3 Ba7 17. Be5 Nd7 18. Bd6 Rfe8 19. Bb4 Qd8 20. Bxe7 Qxe7 21. Nxd5
Bxd5 22. Bxd5 Nc5 23. Nxc5 Bxc5 24. Qh5 b6 25. e4 Rc7 26. Kg2 Rec8 27. Qe2 a5
28. Rc2 Bd4 29. Rfc1 1/2-1/2

[Event "Merv Morrison Memorial Open"]
[Site "Auckland"]
[Date "2012.10.21"]
[Round "5.2"]
[White "Gao"]
[Black "Goodhue"]
[Result "1-0"]
[WhiteElo "2189"]
[BlackElo "2118"]
[PlyCount "95"]
[EventDate "2012.??.??"]

1. e4 d5 2. exd5 Qxd5 3. d4 e5 4. Nc3 Bb4 5. a3 Bxc3+ 6. bxc3 exd4 7. cxd4 Nc6
8. Nf3 Nf6 9. Be2 O-O 10. c4 Qe4 11. O-O Bg4 12. Bb2 Rfe8 13. Re1 Bxf3 14. Bxf3
Qxe1+ 15. Qxe1 Rxe1+ 16. Rxe1 Re8 17. Rxe8+ Nxe8 18. c5 Kf8 19. Kf1 Ke7 20. Ke2
Nd8 21. Kd3 c6 22. Kc4 Nc7 23. Bc3 f6 24. g3 f5 25. Ba5 Nde6 26. a4 g6 27. Bg2
Na6 28. Bc3 Kd7 29. Bd2 Nec7 30. Bf4 b6 31. Bd6 b5+ 32. axb5 cxb5+ 33. Kb3 Nb8
34. Kb4 Nba6+ 35. Ka5 b4 36. Ka4 Ne6 37. Be5 Naxc5+ 38. dxc5 Nxc5+ 39. Kb5 Nd3
40. Bd4 b3 41. Bf1 Ne1 42. Be2 Nc2 43. Bb2 Kd6 44. Kc4 Ne1 45. Kxb3 f4 46. Bc3
fxg3 47. hxg3 Ng2 48. Bf3 1-0

[Event "Merv Morrison Memorial Open"]
[Site "Auckland"]
[Date "2012.10.21"]
[Round "5.3"]
[White "Milligan"]
[Black "Koop, Thorben"]
[Result "1/2-1/2"]
[WhiteElo "2099"]
[BlackElo "2165"]
[PlyCount "80"]
[EventDate "2012.??.??"]

1. e4 c5 2. Nf3 Nc6 3. Bb5 Na5 4. c3 a6 5. Ba4 b5 6. Bc2 e6 7. O-O c4 8. d4
cxd3 9. Qxd3 d6 10. Nbd2 Nb7 11. b4 Bd7 12. a4 Nf6 13. Bb2 Be7 14. axb5 axb5
15. Nb3 e5 16. Rxa8 Qxa8 17. Ra1 Qc8 18. Bc1 O-O 19. Bg5 Qc6 20. Na5 Nxa5 21.
Rxa5 Rc8 22. Ra3 Be6 23. Qe3 Bd8 24. h3 Bb6 25. Qe1 Ne8 26. Be3 Bxe3 27. Qxe3
Nf6 28. Qe2 Bc4 29. Qe3 Nd7 30. Qa7 Nb8 31. Nd2 d5 32. Nxc4 dxc4 33. Ra1 Rd8
34. Rd1 Rxd1+ 35. Bxd1 Qd6 36. Bg4 g6 37. Qb7 h5 38. Bf3 Nd7 39. Qxb5 Qd2 40.
Qxc4 Qc1+ 1/2-1/2

[Event "Merv Morrison Memorial Open"]
[Site "Auckland"]
[Date "2012.10.21"]
[Round "5.4"]
[White "Thornton"]
[Black "Kolev"]
[Result "1-0"]
[WhiteElo "2211"]
[BlackElo "1733"]
[PlyCount "61"]
[EventDate "2012.??.??"]

1. Nf3 Nf6 2. c4 g6 3. Nc3 Bg7 4. d4 O-O 5. e4 d6 6. Be2 e5 7. O-O Nc6 8. d5
Ne7 9. Ne1 Nd7 10. Be3 f5 11. f3 f4 12. Bf2 g5 13. a4 a5 14. Nd3 Ng6 15. c5 Rf7
16. Rc1 Bf8 17. cxd6 cxd6 18. Nb5 Nf6 19. Qc2 g4 20. Nc7 g3 21. hxg3 fxg3 22.
Bxg3 Nh5 23. Bh2 Bh6 24. f4 Ngxf4 25. Nxf4 Nxf4 26. Nxa8 Nxe2+ 27. Qxe2 Rg7 28.
Rc7 Rxc7 29. Nxc7 Qxc7 30. Qh5 Bg7 31. Qe8+ 1-0